000
00293nam a2200109 4500
999
_c
9745
_d
9745
008
180716b ||||| |||| 00| 0 eng d
245
_a
Tax payment season again.
260
_a
Philippines
_b
Philippine Daily Inquirer
_c
c2017
300
_a
page B3.
650
0
_9
28928
_a
Taxation.
942
_2
ddc
_c
PER